Female Anatomy Map Quiz - Statistics

General Stats
  • This quiz has been taken 981 times
  • The average score is 7 of 13
Answers on the Map
Answers color-coded by a green-red scale on the quiz's map according to % correct below.
 
Answer Stats
Answer % Correct
Anus and Rectum
80%
Cervix, Uterus, and Vagina
76%
Bladder and Urethra
73%
Fallopian tubes, Fimbrae, and Ovary
71%
Labia majora
64%
Clitoris
62%
Sigmoid colon
54%
Pubic bone
52%
Labia minroa
50%
Skene's glands
35%
Fornix
28%
Bartholin's gland
23%
Bulb of vestibule
17%
No matching quizzes found
Score Distribution
Percent of People with Each Score
Percentile by Number Answered
Your Score History
You have not taken this quiz